Геология Ангаро-Илимского железорудного района. С приложением статьи Я. Я. Яржемского "К минералогическому составу верхоленского (Cm2) и усть-кутского (Si) горизонтов Ангаро-Илимо-Ленского района"

Detaylı Bibliyografya
Yazar: Крашенинников Г. Ф.
Müşterek Yazar: Восточно-Сибирский геологический трест
Dil:Rusça
Baskı/Yayın Bilgisi: Москва, Главная редакция геолого-разведочной и геодезической лит-ры, 1935
Seri Bilgileri:Труды Восточно-Сибирского геологического треста Вып. 12
Konular:
Materyal Türü: Kitap
KOHA link:https://koha.lib.tpu.ru/cgi-bin/koha/opac-detail.pl?biblionumber=363429

MARC

LEADER 00000nam0a2200000 4500
001 363429
005 20231102011605.0
035 |a (RuTPU)RU\TPU\retro\20776 
035 |a RU\TPU\retro\20769 
090 |a 363429 
100 |a 20210930d1935 k y0rusy50 ca 
101 0 |a rus 
102 |a RU 
105 |a a z 001zy 
200 1 |a Геология Ангаро-Илимского железорудного района. С приложением статьи Я. Я. Яржемского "К минералогическому составу верхоленского (Cm2) и усть-кутского (Si) горизонтов Ангаро-Илимо-Ленского района"  |f Г. Ф. Крашенинников  |g Восточно-Сибирский геологический трест 
210 |a Москва  |a Ленинград  |c Главная редакция геолого-разведочной и геодезической лит-ры  |d 1935 
215 |a 122 с.  |c ил.  |e карты 
225 1 |a Труды Восточно-Сибирского геологического треста  |v Вып. 12 
320 |a Библиогр.: с. 115-117 
606 1 |a Железорудные месторождения  |y Иркутская область  |2 stltpush  |3 (RuTPU)RU\TPU\subj\76848  |9 87647 
610 1 |a геология 
610 1 |a рельеф 
610 1 |a стратиграфия 
610 1 |a тектоника 
610 1 |a полезные ископаемые 
610 1 |a подземные воды 
675 |a 553.31(571.5)  |v 4 
700 1 |a Крашенинников  |b Г. Ф. 
712 0 2 |a Восточно-Сибирский геологический трест  |c (Иркутск)  |2 stltpush  |3 (RuTPU)RU\TPU\col\21414  |9 28002 
801 1 |a RU  |b 63413507  |c 20171123 
801 2 |a RU  |b 63413507  |c 20210930  |g RCR 
942 |c BK